000 00664nam a22002297a 4500
999 _c384852
_d384852
001 98921
003 UA-OsUOA
005 20200213194747.0
007 ta
008 20130422b un ||||| |||| 00| 0 ukr d
040 _aUA-OsUOA
_brus
_cUA-OsUOA
_dUA-OsUOA
041 _arus
080 _a821.161.1
090 _a821.161.1
_bР36
100 _aРекемчук А.
245 _aИзбранные произведения
_bв 2-х томах
_n2
260 _aМ.
_bХудожественная литература
_c1977
300 _a590 с.
650 7 _a82 Література. Літературознавство
_2UDC
942 _cBK
_2udc
955 _a3